000
00241 a2200097 4500
001
48300
100
_a
Bashir Ahmad Bagoli
245
_a
Taqseem Warsat Majmal Man
260
_a
Rawalpindi
_b
Pakistan Research centre
_c
090
_c
31252
_d
31252
942
_a
NUST-CAE
_c
M
_c
23617
999
_c
283373
_d
283373